00552nam a22001577a 450000500170000001000150001702000260003203500130005803700130007108200100008424501230009426000560021727000680027330000210034170000320036220160720111723.0 aENG-115449 a9789385493102c145.00 aEN-98981 bDBAD/PUB a915.4 aRathore Indian geography useful for candidates appearing for entrance exams /ceditied by kunwar Ishwar Singh Rathore aNew DelhiibRathore Publishers & Distributorsc2016 a202, 2nd Floor 4832/24 Ansari Road,DaryaganjbNew Delhie110002 a195p.c24cm(pbk) dRathore,Kunwar Ishwar Singh